000 02163cam a2200241 4500
001 L137985
008 070221s2007 d f s 000 0 eng u
035 _a(Sirsi) u137985
041 0 _aeng
050 0 4 _a332.6324 $2 18
110 2 _aParagon Mortgages
_94976
245 0 0 _aParagon Mortgages buy-to-let index
_bFebruary 2007
_h[electronic resource]
260 _aSolihull
_bParagon Mortgages
_c2007
490 0 _aParagon Mortgages Buy-to-Let Index
_vFebruary 2007
505 2 _aHighlights -- Averages -- Rental yield average for England and Wales -- Property value and rental income average for England and Wales -- Landlord property value, rental value, yield and percentage change by region -- Landlord property yields by region -- Landlord property values by region -- Landlord rental incomes by region -- Landlord property value, rental value, yield and percentage change by property type.
520 _aAverage rental incomes rose from £9 700 in December to £9 942 in January ? a monthly increase of 2.5%. Regionally, the highest rental income in January was found in London (£17 194), the South West (£12 103) and the South East (£10 603). Average national property value rose 1.5% from £162 776 in December to £165 141 in January and also rose by 1.6% over the last 12 months. The region with the biggest increase over the last year was East Anglia (12.6%), followed by the North (10.1%) and the South East (9.6%). Rental yields have remained stable at 6.0% for the fifth consecutive month. Regions with the highest yields in January were the South West, East Anglia and Yorkshire, all with yields of 6.4%. Total returns rose from 7.2% to 8.0% this month. In January the region with the highest total returns on a property was East Anglia (18.3%), followed by the North (16.9%) and the South East (16.0%).
590 _aKA
650 2 4 _aPARAGON MORTGAGES BUY-TO-LET INDEX
651 4 _aEngland and Wales
_y1543-
690 _aPROPERTY-RESIDENTIAL PROPERTY-RESIDENTIAL PROPERTY MARKET
856 4 0 _uhttps://www.paragon-mortgages.co.uk/mortgagehome.nsf/BTLIndex
_zView the index free of charge at www.paragon-mortages.co.uk...
942 _n0
999 _c106961
_d106961